Statistics for Самые Густонаселенные Города России (Русская Версия)

Click here to take the quiz!

General Stats

  • This quiz has been taken 184 times
  • The average score is 14 of 20

Answer Stats

Самые Густонаселенные Города России% Correct
Москва
100%
Санкт-Петербург
97%
Казань
85%
Новосибирск
83%
Екатеринбург
78%
Краснодар
78%
Нижний Новгород
73%
Омск
72%
Ростов-на-Дону
69%
Самара
69%
Красноярск
68%
Челябинск
68%
Воронеж
67%
Волгоград
67%
Уфа
65%
Саратов
65%
Пермь
63%
Тюмень
56%
Тольятти
43%
Барнаул
29%

Score Distribution

Percentile by Number Answered

Percent of People with Each Score

Your Score History

You have not taken this quiz